[Event "Netanya op"]
[Site "Netanya"]
[Date "2019.06.28"]
[Round "6"]
[White "Friedland, Benzi"]
[Black "Segev, Ido"]
[Result "0-1"]
[WhiteElo "1189"]
[BlackElo "1382"]
[PlyCount "92"]
[EventDate "2019.06.23"]
[EventType "swiss"]
[EventRounds "9"]
[EventCountry "ISR"]
[SourceTitle "CBM 191 Extra"]
[Source "ChessBase"]
[SourceDate "2019.09.30"]
[SourceVersion "1"]
[SourceVersionDate "2019.09.30"]
[SourceQuality "1"]

1. e4 c5 2. Nf3 Nc6 3. Bc4 d6 4. h3 e6 5. Nc3 Nf6 6. d4 cxd4 7. Nxd4 a6 8. Nxc6 bxc6 9. Bg5 h6 10. Bf4 Be7 11. Qf3 0-0 12. 0-0 d5 13. Bd3 Bd6 14. e5 Nd7 15. exd6 e5 16. Bd2 e4 17. Qg3 exd3 18. Bxh6 Qf6 19. Bg5 Qe5 20. Bf4 Qf5 21. cxd3 Nf6 22. Ne2 Nh5 23. Qg5 Nxf4 24. Qxf5 Nxe2+ 25. Kh2 Bxf5 26. Rad1 Rab8 27. b3 Rbd8 28. g4 Bh7 29. Rfe1 Nf4 30. Re7 Rxd6 31. Ra7 c5 32. d4 c4 33. Kg3 Ne6 34. f4 f5 35. g5 Bg6 36. b4 Bh5 37. Rd2 c3 38. Rc2 Nxd4 39. Rxc3 Ne2+ 40. Kh4 Nxc3 41. Kxh5 d4 42. Rc7 Ne2 43. a4 Kh7 44. b5 Rh8 45. g6+ Rxg6 46. Rc6 Nxf4+ 0-1